| 000 | 00711nam a22002057a 4500 | ||
|---|---|---|---|
| 999 |
_c62210 _d62210 |
||
| 005 | 20240801191032.0 | ||
| 008 | 240801s2015 en ||||| |||| 00| 0 eng d | ||
| 020 | _a 9789351521181 X | ||
| 041 | _aeng | ||
| 080 | _a612.6 S-62 | ||
| 100 |
_aSingh, Inderbir _d(Author) _923045 |
||
| 245 |
_a Human embryology / _cInderbir Singh |
||
| 250 | _a10th edition | ||
| 264 |
_aNew Delhi : _bJaypee Brothers Medical Publishers, _c2015. |
||
| 300 |
_a384 p.: _bill; _c24 cm. _e+1CD |
||
| 653 | _aTenth edition presenting latest information on human embryology. Includes CD ROM. Previous | ||
| 653 | _aEmbryologie humaine | ||
| 653 | _aადამიანის ემბრიოლოგია | ||
| 942 |
_2udc _cBK |
||